000 00584nam a2200193Ia 4500
005 20260120132107.0
008 008 260114s9999 xx 000 0 eng d
020 _a9781383015157
037 _aEBOOK
040 _aCRL
_beng
_cCRL
041 _aeng
_2eng
084 _qCRL
100 _aJewell
_9934860
245 0 _aLaw in Environmental Decision-Making National, European, and International Perspectives
260 _bOxford University PressOxford University Press
_c2023
856 _uhttps://academic.oup.com/book/51733
942 _cEBOOK
999 _c1526783
_d1526783